000 00704nam a2200289Ia 4500
005 20260324115120.0
008 008 260324s9999 xx 000 0 eng d
020 _a9780429262135
037 _aEBOOK
040 _aCRL
040 _beng
040 _cCRL
041 _2eng
041 _aeng
084 _qCRL
100 _aJohn A. Conkling; Chris Mocella
_91153416
245 0 _aChemistry of Pyrotechnics
245 0 _bBasic Principles and Theory, Third Edition
260 _bTaylor and Francis
260 _c2019
365 _a
365 _b195
856 _uhttp://www.taylorfrancis.com/books/9780429262135
942 _cEBOOK
999 _c1744056
_d1744056